书目信息 |
| 题名: |
有限单元法
|
|
| 作者: | 王勖成 编著 | |
| 分册: | ||
| 出版信息: | 北京 清华大学出版社 2003.07 |
|
| 页数: | 776页 | |
| 开本: | 24cm | |
| 丛书名: | ||
| 单 册: | ||
| 中图分类: | O241.82 | |
| 科图分类: | ||
| 主题词: | 计算数学 | |
| 电子资源: | ||
| ISBN: | 7-302-06462-8 | |
| 000 | 00539nam0 2200193 45 | |
| 001 | 0960116481 | |
| 005 | 20090527092412.56 | |
| 010 | @a7-302-06462-8@dCNY 69.80 | |
| 100 | @a20040511d2003 km y0chiy0120 ea | |
| 101 | 0 | @achi |
| 102 | @aCN@b110000 | |
| 200 | 1 | @a有限单元法@AYou Xian Dan Yuan Fa@f王勖成编著@FWang Xu Cheng Bian Zhu |
| 210 | @a北京@c清华大学出版社@d2003.07 | |
| 215 | @a776页@d24cm | |
| 606 | 0 | @a计算数学 |
| 690 | @aO241.82@v3 | |
| 701 | 0 | @a王勖成@AWang Xu Cheng@4编著 |
| 801 | 0 | @aCN@bPFT@c20090527 |
| 905 | @dO241.82@eW400 | |
| 有限单元法/王勖成编著.-北京:清华大学出版社,2003.07 |
| 776页;24cm |
| ISBN 7-302-06462-8:CNY 69.80 |
| ● |
| 相关链接 |
|
|
|
正题名:有限单元法
索取号:O241.82/W400
 
预约/预借
| 序号 | 登录号 | 条形码 | 馆藏地/架位号 | 状态 | 备注 |
| 1 | 468765 | 204687650 | 管理学院资料室/ [索取号:O241.82/W400] | 在馆 |